[Event "Rated Blitz game"]
[Site "?"]
[Date "2021.03.15"]
[Round "?"]
[White "Rama75"]
[Black "artsportscience"]
[Result "1-0"]
[WhiteElo "2488"]
[BlackElo "2309"]
[PlyCount "123"]
[EventDate "2021.??.??"]
[EventType "blitz"]

1. e4 e5 2. Nf3 d5 3. exd5 e4 4. Qe2 Nf6 5. d3 Qxd5 6. Nc3 Bb4 7. Bd2 Bxc3 8.
Bxc3 O-O 9. dxe4 Nxe4 10. Rd1 Nxc3 11. Rxd5 Nxe2 12. Bxe2 Be6 13. Rc5 c6 14.
O-O Nd7 15. Rc3 Nb6 16. Nd4 Na4 17. Ra3 Nc5 18. Nxe6 Nxe6 19. Rd1 Rfd8 20.
Rxd8+ Nxd8 21. Rd3 Kf8 22. Rd7 Ke8 23. Bg4 g6 24. Rc7 Rb8 25. h4 h5 26. Bd7+
Kf8 27. Rc8 Rxc8 28. Bxc8 Ke7 29. f4 b6 30. Kf2 Ne6 31. Ke3 Kf6 32. g3 Nc7 33.
Bb7 c5 34. c3 Ke6 35. Bg2 f6 36. Kd3 g5 37. fxg5 fxg5 38. hxg5 Kf5 39. Bf3 Kxg5
40. Ke4 Nb5 41. Kd5 Nc7+ 42. Kd6 Ne8+ 43. Kc6 Nf6 44. Kb7 Ng4 45. Kxa7 b5 46.
Kb6 b4 47. Kxc5 bxc3 48. bxc3 Ne5 49. Be2 Nd7+ 50. Kd4 Nf6 51. c4 Kf5 52. a4
Ne4 53. Bd3 Kg4 54. Bxe4 Kxg3 55. c5 h4 56. c6 Kf4 57. c7 Kg3 58. c8=Q Kf2 59.
Qf5+ Ke2 60. Qf3+ Kd2 61. Qf2+ Kc1 62. Kc3 {Normal} 1-0

[Event "Rated Blitz game"]
[Site "?"]
[Date "2021.03.15"]
[Round "?"]
[White "George_Foreman"]
[Black "Blind2250"]
[Result "1-0"]
[WhiteElo "2410"]
[BlackElo "2378"]
[PlyCount "93"]
[EventDate "2021.??.??"]
[EventType "blitz"]

1. e4 e5 2. Nf3 d5 3. exd5 e4 4. Qe2 Nf6 5. Nc3 Qe7 6. Nd4 Qe5 7. Nb3 Bd6 8. d3
exd3 9. Qxe5+ Bxe5 10. Bxd3 Bxc3+ 11. bxc3 Nxd5 12. Bd2 O-O 13. O-O-O Nc6 14.
Rhe1 b6 15. Be4 Be6 16. c4 Nde7 17. Bg5 Rac8 18. Nd4 Nxd4 19. Bxe7 Rfe8 20.
Rxd4 Rxe7 21. Bd5 Rce8 22. Rde4 Kf8 23. Bxe6 Rxe6 24. Rxe6 Rxe6 25. Rxe6 fxe6
26. Kd2 Ke7 27. Kd3 Kd6 28. Kd4 e5+ 29. Ke4 Kc5 30. Kxe5 Kxc4 31. f4 c5 32. g4
Kc3 33. Kd5 c4 34. f5 b5 35. g5 Kxc2 36. f6 gxf6 37. gxf6 c3 38. f7 Kb2 39.
f8=Q c2 40. Qb4+ Kxa2 41. Qc3 Kb1 42. Qb3+ Kc1 43. Kd4 Kd2 44. Qc3+ Kd1 45.
Qd3+ Kc1 46. Kc3 b4+ 47. Kb3 {Normal} 1-0

[Event "Rated Blitz game"]
[Site "?"]
[Date "2021.03.15"]
[Round "?"]
[White "Tematico"]
[Black "KamranShirazi"]
[Result "0-1"]
[WhiteElo "2386"]
[BlackElo "2456"]
[PlyCount "60"]
[EventDate "2021.??.??"]
[EventType "blitz"]

1. e4 e5 2. Nf3 d5 3. d4 dxe4 4. Nxe5 Nd7 5. Nc4 Ngf6 6. Nc3 Nb6 7. Be3 Be6 8.
Nxb6 axb6 9. Be2 Bd6 10. O-O h5 11. Bg5 Qd7 12. Bxf6 gxf6 13. Nxe4 Be7 14. c4
f5 15. Nc3 f4 16. d5 Bg4 17. f3 O-O-O 18. a4 Bc5+ 19. Kh1 Bf5 20. a5 b5 21. a6
Kb8 22. Nxb5 b6 23. Qd2 Be3 24. Qc3 Rhg8 25. Nd4 Bh3 26. Rg1 Bxg2+ 27. Rxg2
Rxg2 28. Kxg2 Rg8+ 29. Kh1 Qh3 30. Bf1 Rg1# {Normal} 0-1

[Event "Rated Rapid game"]
[Site "?"]
[Date "2021.03.15"]
[Round "?"]
[White "Seras_Victoria"]
[Black "Durzaa"]
[Result "0-1"]
[WhiteElo "2454"]
[BlackElo "2359"]
[PlyCount "48"]
[EventDate "2021.??.??"]
[EventType "rapid"]

1. e4 e5 2. Nf3 d5 3. exd5 e4 4. Qe2 Nf6 5. d3 Qxd5 6. Nc3 Bb4 7. Bd2 Bxc3 8.
Bxc3 O-O 9. Bxf6 exf3 10. Qe5 Qxe5+ 11. Bxe5 Nc6 12. Bf4 Re8+ 13. Be3 Nd4 14.
O-O-O Nf5 15. Bf4 Be6 16. Bxc7 Bxa2 17. gxf3 Bd5 18. Bh3 Nd4 19. Bg2 Rac8 20.
Rhe1 Rxe1 21. Rxe1 h6 22. Re7 Nc6 23. Rd7 Be6 24. Rd6 Rxc7 {Normal} 0-1

[Event "Rated Blitz game"]
[Site "?"]
[Date "2021.03.15"]
[Round "?"]
[White "weresloth"]
[Black "Yates73"]
[Result "0-1"]
[WhiteElo "2406"]
[BlackElo "2359"]
[PlyCount "58"]
[EventDate "2021.??.??"]
[EventType "blitz"]

1. e4 e5 2. Nf3 d5 3. exd5 Bd6 4. d4 exd4 5. Nxd4 Nf6 6. Nc3 O-O 7. Be2 a6 8.
O-O h6 9. Bf3 Re8 10. h3 Nbd7 11. a4 Nb6 12. a5 Nc4 13. Re1 Ne5 14. Be2 Bd7 15.
Bf1 Ng6 16. g3 Rxe1 17. Qxe1 Qf8 18. Bg2 Re8 19. Qd1 Ne7 20. Qd3 Ng6 21. f4
Re1+ 22. Kh2 Nxf4 23. gxf4 Bxf4+ 24. Bxf4 Rxa1 25. Bxc7 Qc5 26. Bb6 Qd6+ 27.
Qg3 Qb4 28. b3 Nh5 29. Qe3 Qd6+ {Normal} 0-1

[Event "Rated Blitz game"]
[Site "?"]
[Date "2021.03.15"]
[Round "?"]
[White "FedaMaster"]
[Black "Chesspirate_Channel"]
[Result "1-0"]
[WhiteElo "2579"]
[BlackElo "2395"]
[PlyCount "55"]
[EventDate "2021.??.??"]
[EventType "blitz"]

1. e4 e5 2. Nf3 d5 3. d4 dxe4 4. Nxe5 Bd6 5. Nc4 Be7 6. Nc3 Nf6 7. Bg5 Nc6 8.
d5 Nxd5 9. Qxd5 Bxg5 10. Qxe4+ Be6 11. Rd1 Qe7 12. Be2 O-O 13. O-O Rfe8 14. Bf3
Nb4 15. a3 Nxc2 16. Na5 Nxa3 17. Qa4 b5 18. Qxa3 b4 19. Qa4 bxc3 20. Bxa8 cxb2
21. Bc6 Bc1 22. Rxc1 bxc1=Q 23. Rxc1 Bb3 24. Qb5 Qe1+ 25. Rxe1 Rxe1+ 26. Qf1
Rxf1+ 27. Kxf1 Kf8 28. Nxb3 {Normal} 1-0

[Event "Rated Blitz game"]
[Site "?"]
[Date "2021.03.15"]
[Round "?"]
[White "benvural"]
[Black "Chesspirate_Channel"]
[Result "0-1"]
[WhiteElo "2460"]
[BlackElo "2414"]
[PlyCount "42"]
[EventDate "2021.??.??"]
[EventType "blitz"]

1. e4 e5 2. Nf3 d5 3. exd5 e4 4. Qe2 Nf6 5. d3 Be7 6. dxe4 O-O 7. Nc3 c6 8.
dxc6 Nxc6 9. Bg5 Bg4 10. Qd2 Qb6 11. O-O-O Rfd8 12. Qe3 Rxd1+ 13. Nxd1 Qa5 14.
Bc4 Rc8 15. Bb3 Nb4 16. Nc3 Be6 17. Bxe6 fxe6 18. a3 Rxc3 19. axb4 Qa1+ 20. Kd2
Qxb2 21. Ne1 Rxe3 {Normal} 0-1

[Event "Rated Blitz game"]
[Site "?"]
[Date "2021.03.15"]
[Round "?"]
[White "GenioLoco"]
[Black "batasjon"]
[Result "1-0"]
[WhiteElo "2494"]
[BlackElo "2314"]
[PlyCount "57"]
[EventDate "2021.??.??"]
[EventType "blitz"]

1. e4 e5 2. Nf3 d5 3. exd5 e4 4. Nd4 Qxd5 5. Nb3 Nf6 6. Nc3 Qf5 7. d3 Bb4 8.
Bd2 O-O 9. Be2 exd3 10. Bxd3 Re8+ 11. Ne2 Qg5 12. Bxb4 Qxg2 13. Kd2 Nc6 14. Bc3
Qg5+ 15. f4 Qh6 16. Qg1 Ne4+ 17. Bxe4 Rxe4 18. Re1 Bf5 19. Kc1 Rae8 20. Qf2 Bg4
21. Ng3 Rxe1+ 22. Rxe1 Rd8 23. a3 Qd6 24. Kb1 Be6 25. Ne4 Qd5 26. Ng5 Bf5 27.
Qc5 Qxb3 28. Qxf5 g6 29. Qf6 {Normal} 1-0

[Event "Rated Blitz game"]
[Site "?"]
[Date "2021.03.15"]
[Round "?"]
[White "Figo13"]
[Black "KamranShirazi"]
[Result "0-1"]
[WhiteElo "2341"]
[BlackElo "2494"]
[PlyCount "40"]
[EventDate "2021.??.??"]
[EventType "blitz"]

1. e4 e5 2. Nf3 d5 3. exd5 e4 4. Qe2 Nf6 5. d3 Bb4+ 6. Bd2 O-O 7. Bxb4 exf3 8.
Qxf3 Re8+ 9. Be2 Nxd5 10. Bd2 Nc6 11. Nc3 Nd4 12. Qxd5 Rxe2+ 13. Kd1 Qxd5 14.
Nxd5 Rxf2 15. Nxc7 Bg4+ 16. Kc1 Rc8 17. Re1 h5 18. h3 Rxc7 19. hxg4 Rxc2+ 20.
Kb1 Rfxd2 {Normal} 0-1

[Event "Rated Blitz game"]
[Site "?"]
[Date "2021.03.15"]
[Round "?"]
[White "Vincetelligent"]
[Black "J0NiKz"]
[Result "1-0"]
[WhiteElo "2496"]
[BlackElo "2385"]
[PlyCount "47"]
[EventDate "2021.??.??"]
[EventType "blitz"]

1. e4 e5 2. Nf3 d5 3. Nxe5 dxe4 4. Bc4 Qg5 5. d4 Qxg2 6. Bxf7+ Ke7 7. Rf1 Nc6
8. Nxc6+ Kxf7 9. Ne5+ Ke8 10. Kd2 Nf6 11. c4 Bh3 12. Re1 Qxf2+ 13. Kc3 Rd8 14.
Be3 Bb4+ 15. Kxb4 Qxb2+ 16. Qb3 Qxa1 17. Rc1 b6 18. Nc3 c5+ 19. dxc5 bxc5+ 20.
Ka3 Qxc1+ 21. Bxc1 Nd7 22. Nxd7 Bxd7 23. Nxe4 Ke7 24. Bg5+ {Normal} 1-0

[Event "Rated Blitz game"]
[Site "?"]
[Date "2021.03.15"]
[Round "?"]
[White "berndhoy"]
[Black "Gifroy"]
[Result "0-1"]
[WhiteElo "2441"]
[BlackElo "2466"]
[PlyCount "40"]
[EventDate "2021.??.??"]
[EventType "blitz"]

1. e4 e5 2. Nf3 d5 3. exd5 e4 4. Ne5 Qxd5 5. Nc4 Bf5 6. Ne3 Qe6 7. Nxf5 Qxf5 8.
d3 Nc6 9. Nc3 Nf6 10. dxe4 Qa5 11. Bd2 O-O-O 12. Bd3 Nb4 13. Qe2 Bc5 14. O-O
Rhe8 15. Bg5 Bd4 16. Bd2 Qe5 17. Rae1 h5 18. Kh1 Ng4 19. f4 Qc5 20. Nb5 Nxd3 {
Normal} 0-1

[Event "Rated Blitz game"]
[Site "?"]
[Date "2021.03.15"]
[Round "?"]
[White "abrakadabra02"]
[Black "Erow"]
[Result "1-0"]
[WhiteElo "2610"]
[BlackElo "2663"]
[PlyCount "81"]
[EventDate "2021.??.??"]
[EventType "blitz"]

1. e4 e5 2. Nf3 d5 3. exd5 e4 4. Qe2 Nf6 5. d3 Bb4+ 6. c3 O-O 7. dxe4 Bc5 8.
Bg5 Re8 9. Nbd2 Nbd7 10. O-O-O c6 11. dxc6 bxc6 12. Qd3 Qa5 13. Kb1 Ng4 14. Nb3
Qa4 15. Bh4 Bxf2 16. h3 Bxh4 17. hxg4 Be7 18. e5 Nf8 19. Qc2 Qxg4 20. Bd3 Ng6
21. Nbd4 c5 22. Nf5 Bxf5 23. Bxf5 Qf4 24. e6 Rab8 25. exf7+ Kxf7 26. Rdf1 Bf6
27. Rxh7 Ne5 28. g3 Qc4 29. Nxe5+ Rxe5 30. Bg6+ Kg8 31. Rfh1 Kf8 32. Rh8+ Ke7
33. Rxb8 Re2 34. Re8+ Kd7 35. Rxe2 Qd5 36. Rd1 Qxd1+ 37. Qxd1+ Kc7 38. Qd5 Kb6
39. Be8 Kc7 40. Qc6+ Kd8 41. Qd7# {Normal} 1-0

[Event "Rated Blitz game"]
[Site "?"]
[Date "2021.03.15"]
[Round "?"]
[White "kintoho"]
[Black "KamranShirazi"]
[Result "0-1"]
[WhiteElo "2438"]
[BlackElo "2481"]
[PlyCount "124"]
[EventDate "2021.??.??"]
[EventType "blitz"]

1. e4 e5 2. Nf3 d5 3. d4 dxe4 4. Nxe5 Nd7 5. Nxf7 Kxf7 6. Bc4+ Ke7 7. Nc3 Ngf6
8. Bg5 h6 9. Nd5+ Ke8 10. Bf4 Nxd5 11. Qh5+ Ke7 12. Qxd5 Qe8 13. Bxc7 Qg6 14.
O-O-O Nb6 15. Qc5+ Ke8 16. Bb5+ Bd7 17. Bxd7+ Nxd7 18. Qb5 Rc8 19. Qxb7 Rxc7
20. Qxc7 Be7 21. Rhe1 Bd8 22. Qxa7 Qxg2 23. Qb7 Nf6 24. Qc6+ Kf7 25. Qb7+ Be7
26. d5 Qxh2 27. d6 Re8 28. dxe7 Rxe7 29. Qb3+ Kg6 30. Rf1 Qf4+ 31. Kb1 Rc7 32.
a4 Kh7 33. a5 Qe5 34. a6 Rc8 35. f4 Qa5 36. Qe6 Rb8 37. Rd6 Qb5 38. b3 Qxf1+
39. Kb2 Qb5 40. a7 Ra8 41. Rb6 Qa5 42. Rb7 Rxa7 43. Rxa7 Qxa7 44. b4 Qd4+ 45.
Kb3 Qe3+ 46. Ka4 Qxf4 47. b5 Qc7 48. b6 Qxc2+ 49. Kb5 Qb2+ 50. Ka6 Qa3+ 51. Kb5
e3 52. Qf5+ Kh8 53. Qc8+ Ng8 54. b7 e2 55. Qxg8+ Kxg8 56. b8=Q+ Kh7 57. Qe5
Qb3+ 58. Kc5 Qc2+ 59. Kd4 Qb2+ 60. Kd3 Qxe5 61. Kc2 e1=Q 62. Kd3 Q1e2# {Normal}
0-1

[Event "Rated Blitz game"]
[Site "?"]
[Date "2021.03.15"]
[Round "?"]
[White "Maxim_Shvetsov"]
[Black "KamranShirazi"]
[Result "1-0"]
[WhiteElo "2456"]
[BlackElo "2486"]
[PlyCount "149"]
[EventDate "2021.??.??"]
[EventType "blitz"]

1. e4 e5 2. Nf3 d5 3. Nxe5 Bd6 4. d4 dxe4 5. Bc4 Bxe5 6. dxe5 Qxd1+ 7. Kxd1 Nc6
8. Bf4 Bg4+ 9. Kc1 O-O-O 10. Nc3 f5 11. h3 Bh5 12. Be6+ Kb8 13. Bxf5 Bg6 14.
Bxg6 hxg6 15. Nxe4 Nd4 16. Be3 Nc6 17. c3 Nxe5 18. Kc2 Nf6 19. Nc5 b6 20. Ne6
Rd7 21. Rad1 Re7 22. Nd4 c5 23. Nb5 a6 24. Nd6 Kc7 25. Bf4 Rd8 26. Rhe1 Rxd6
27. Bxe5 Rxe5 28. Rxe5 Rxd1 29. Kxd1 Kd6 30. Rg5 Ke6 31. Rxg6 Kf7 32. Rg3 Ne4
33. Rf3+ Kg6 34. Ke2 b5 35. g4 Nd6 36. Ke3 Nc4+ 37. Kf4 Nxb2 38. Ke5 Na4 39.
Kd5 Kg5 40. Rf5+ Kg6 41. Rf3 Kg5 42. Kc6 c4 43. Kb7 Nc5+ 44. Kb6 Ne4 45. Kxa6
b4 46. cxb4 c3 47. Re3 c2 48. Re1 Nxf2 49. Rc1 Nd3 50. h4+ Kg6 51. Rxc2 Nxb4+
52. Kb5 Nxc2 53. a4 Nd4+ 54. Kc5 Nb3+ 55. Kb4 Nd4 56. Kc5 Nb3+ 57. Kb4 Nd4 58.
Kc4 Nc6 59. Kc5 Ne5 60. a5 Nxg4 61. a6 Nf6 62. a7 Nd7+ 63. Kc6 Ne5+ 64. Kb7 Kh5
65. a8=Q Ng6 66. Qe8 Kh6 67. Qe6 Kh5 68. Qf5+ Kh6 69. Qg5+ Kh7 70. Qh5+ Kg8 71.
Qxg6 Kh8 72. h5 Kg8 73. Kc7 Kh8 74. Kd7 Kg8 75. Ke7 {Time forfeit} 1-0

[Event "Rated Blitz game"]
[Site "?"]
[Date "2021.03.15"]
[Round "?"]
[White "hima_saber80"]
[Black "KamranShirazi"]
[Result "1-0"]
[WhiteElo "2466"]
[BlackElo "2476"]
[PlyCount "91"]
[EventDate "2021.??.??"]
[EventType "blitz"]

1. e4 e5 2. Nf3 d5 3. d4 dxe4 4. Nxe5 Nd7 5. Qe2 Nxe5 6. Qxe4 Nf6 7. Qxe5+ Be6
8. Bd3 Bd6 9. Qe3 O-O 10. h3 Re8 11. O-O Bxa2 12. Qf3 Bd5 13. Qf5 g6 14. Qg5
Be4 15. Bxe4 Rxe4 16. c3 a6 17. Be3 Nd5 18. Nd2 Re6 19. Rae1 Nxe3 20. Qxd8+
Rxd8 21. Rxe3 Rxe3 22. fxe3 f5 23. e4 Re8 24. e5 Bf8 25. Kf2 c5 26. Nf3 Bh6 27.
d5 Bf4 28. Re1 h5 29. c4 h4 30. Re2 Bg3+ 31. Kf1 g5 32. e6 g4 33. hxg4 fxg4 34.
Ne5 Rf8+ 35. Kg1 Re8 36. Nxg4 Bd6 37. Nf6+ Kf8 38. Nxe8 Kxe8 39. Kf2 Ke7 40.
Kf3 Be5 41. b3 Bb2 42. Rxb2 b5 43. Ke4 Kf6 44. Rf2+ Kg6 45. e7 bxc4 46. e8=Q+ {
Normal} 1-0

[Event "Rated Blitz game"]
[Site "?"]
[Date "2021.03.15"]
[Round "?"]
[White "Kramnick95"]
[Black "blastol"]
[Result "0-1"]
[WhiteElo "2426"]
[BlackElo "2386"]
[PlyCount "44"]
[EventDate "2021.??.??"]
[EventType "blitz"]

1. e4 e5 2. Nf3 d5 3. exd5 Bd6 4. d4 e4 5. Ne5 Nf6 6. c4 O-O 7. Nc3 Re8 8. Bf4
Nbd7 9. Nxd7 Bxf4 10. Nxf6+ Qxf6 11. Be2 e3 12. Qa4 exf2+ 13. Kf1 Bf5 14. Rd1
Be3 15. Nb5 Qg6 16. Qa3 Bc2 17. Ra1 Be4 18. Bf3 Bxf3 19. gxf3 Qh5 20. Kg2 Qg5+
21. Kh3 Bf4 22. d6 Re6 {Normal} 0-1

[Event "Rated Blitz game"]
[Site "?"]
[Date "2021.03.15"]
[Round "?"]
[White "maliRadojica"]
[Black "Delyvj"]
[Result "0-1"]
[WhiteElo "2400"]
[BlackElo "2283"]
[PlyCount "52"]
[EventDate "2021.??.??"]
[EventType "blitz"]

1. e4 e5 2. Nf3 d5 3. d4 dxe4 4. Nxe5 Nd7 5. Nxd7 Bxd7 6. Bc4 Bd6 7. O-O Nf6 8.
Bg5 h6 9. Bh4 g5 10. Bg3 Qe7 11. Nc3 a6 12. Nd5 Nxd5 13. Bxd5 O-O-O 14. Qe2 f5
15. a4 f4 16. Bxe4 fxg3 17. fxg3 Kb8 18. Rae1 Bc6 19. Qd3 Bxe4 20. Rxe4 Qd7 21.
d5 Rhe8 22. Rc4 Re5 23. Qg6 Rxd5 24. Rf7 Rd1+ 25. Kf2 Bc5+ 26. Rxc5 Qd4+ {
Normal} 0-1

[Event "Rated Blitz game"]
[Site "?"]
[Date "2021.03.15"]
[Round "?"]
[White "vascodiogo17"]
[Black "walodelpalo"]
[Result "0-1"]
[WhiteElo "2423"]
[BlackElo "2268"]
[PlyCount "78"]
[EventDate "2021.??.??"]
[EventType "blitz"]

1. e4 e5 2. Nf3 d5 3. d3 dxe4 4. dxe4 Qxd1+ 5. Kxd1 Nc6 6. Be3 f5 7. exf5 Bxf5
8. Nbd2 O-O-O 9. Kc1 Nf6 10. Bc4 Nd4 11. Nxd4 exd4 12. Bg5 Bd6 13. f3 Rhe8 14.
a3 d3 15. cxd3 Re2 16. g4 Bg6 17. Kd1 Rg2 18. h4 Bg3 19. Bxf6 gxf6 20. Ne4 Bf4
21. h5 Bxe4 22. fxe4 Rxb2 23. Rf1 Be5 24. Rc1 Rg2 25. Rc2 Rg3 26. Rcf2 c6 27.
Rxf6 Bxf6 28. Rxf6 Kc7 29. Rf7+ Kb6 30. Rxh7 Rxg4 31. Kc2 Rg2+ 32. Kc3 a5 33.
h6 Rh2 34. a4 Kc5 35. e5 b5 36. axb5 cxb5 37. Be6 b4+ 38. Kb3 Rxd3+ 39. Ka4
Ra3# {Normal} 0-1

[Event "Rated Blitz game"]
[Site "?"]
[Date "2021.03.14"]
[Round "?"]
[White "TheMa"]
[Black "KinzyabulatovRenat"]
[Result "1-0"]
[WhiteElo "2445"]
[BlackElo "2310"]
[PlyCount "63"]
[EventDate "2021.??.??"]
[EventType "blitz"]

1. e4 e5 2. Nf3 d5 3. Nxe5 Bd6 4. Nxf7 Kxf7 5. Qh5+ Kf8 6. Qxd5 Nf6 7. Qd3 Nc6
8. c3 Qe7 9. f3 Kf7 10. Qc2 Re8 11. d4 Kg8 12. Be3 Nd5 13. Bc4 Be6 14. exd5 Bf7
15. Qe2 Na5 16. Nd2 Qxe3 17. Qxe3 Rxe3+ 18. Kf2 Rae8 19. Bb5 c6 20. dxc6 bxc6
21. Ba6 c5 22. Ne4 Bf4 23. g3 Bh6 24. dxc5 Bd5 25. Rhe1 Rxe1 26. Rxe1 Bxe4 27.
Rxe4 Rxe4 28. fxe4 Kf8 29. b4 Nc6 30. Bb7 Ne5 31. c6 Ke7 32. c7 {Normal} 1-0

[Event "Rated Blitz game"]
[Site "?"]
[Date "2021.03.14"]
[Round "?"]
[White "delmato"]
[Black "Yates73"]
[Result "1-0"]
[WhiteElo "2415"]
[BlackElo "2337"]
[PlyCount "67"]
[EventDate "2021.??.??"]
[EventType "blitz"]

1. e4 e5 2. Nf3 d5 3. exd5 Bd6 4. Nc3 Nf6 5. Bb5+ Nbd7 6. d3 h6 7. Ne4 a6 8.
Nxd6+ cxd6 9. Bxd7+ Bxd7 10. c4 O-O 11. O-O e4 12. Nd4 Qb6 13. dxe4 Nxe4 14.
Qd3 Rfe8 15. b3 Re7 16. Be3 Qa5 17. a3 Rae8 18. b4 Qa4 19. Rfc1 Nf6 20. h3 Bc8
21. Nf5 Bxf5 22. Qxf5 Qb3 23. Qc2 Rxe3 24. fxe3 Qxe3+ 25. Qf2 Qg5 26. Re1 Re4
27. Rxe4 Nxe4 28. Qd4 Ng3 29. Re1 g6 30. c5 Kh7 31. c6 bxc6 32. dxc6 Nf5 33.
Qd5 Ne3 34. Qxg5 {Time forfeit} 1-0

[Event "Rated Blitz game"]
[Site "?"]
[Date "2021.03.14"]
[Round "?"]
[White "maldaj"]
[Black "Chesspirate_Channel"]
[Result "1/2-1/2"]
[WhiteElo "2428"]
[BlackElo "2375"]
[PlyCount "177"]
[EventDate "2021.??.??"]
[EventType "blitz"]

1. e4 e5 2. Nf3 d5 3. exd5 e4 4. Qe2 Nf6 5. Nc3 Be7 6. Nxe4 O-O 7. d3 Nxd5 8.
Bd2 f5 9. O-O-O fxe4 10. dxe4 Nb6 11. Bc3 Qe8 12. h3 Nc6 13. Qe3 Be6 14. Ng5
Bxg5 15. Qxg5 Qg6 16. Qxg6 hxg6 17. f3 Na4 18. Bd2 a6 19. b3 Nb6 20. Be3 Nd7
21. Bc4 Bxc4 22. Rxd7 Rf7 23. Rhd1 Be6 24. Rxf7 Kxf7 25. c4 Rd8 26. Bf4 Rc8 27.
Kb2 Ne7 28. Kc3 c5 29. Rd2 b5 30. Rd6 Rc6 31. Rxc6 Nxc6 32. Bd6 Nd4 33. Bxc5
Ne2+ 34. Kb4 bxc4 35. bxc4 Nf4 36. Bd6 Nxg2 37. c5 Bxh3 38. c6 Bc8 39. Kc5 Ne1
40. f4 Ke6 41. Bf8 Nd3+ 42. Kb6 Nxf4 43. Bxg7 Kf7 44. Bh6 Ne6 45. a4 g5 46.
Bxg5 Nxg5 47. Kc7 Bh3 48. Kb6 Nxe4 49. Kxa6 Nd6 50. Kb6 Bc8 51. Kc7 Ke6 52. a5
Kd5 53. Kb6 Nc4+ 54. Kc7 Ba6 55. Kd7 Nd6 56. c7 Bc8+ 57. Kd8 Kc5 58. Ke7 Kc6
59. Kd8 Bb7 60. a6 Bxa6 61. c8=Q+ Bxc8 62. Ke7 Kd5 63. Kf6 Be6 64. Kg5 Ne4+ 65.
Kg6 Ke5 66. Kg7 Nf6 67. Kg6 Bf5+ 68. Kf7 Nd5 69. Kg7 Be6 70. Kg6 Nb6 71. Kg7
Nd7 72. Kg6 Kd6 73. Kg7 Ke7 74. Kg6 Bf7+ 75. Kg7 Bd5 76. Kg6 Ke6 77. Kg7 Ke5
78. Kg6 Nc5 79. Kg5 Ne6+ 80. Kg6 Be4+ 81. Kh6 Bf5 82. Kh5 Nf4+ 83. Kh6 Ke4 84.
Kg7 Ke5 85. Kh6 Ke6 86. Kg7 Nd5 87. Kh6 Kf6 88. Kh5 Ne3 89. Kh6 {Time forfeit}
1/2-1/2

[Event "Rated Blitz game"]
[Site "?"]
[Date "2021.03.14"]
[Round "?"]
[White "nikodin"]
[Black "Racheengel"]
[Result "0-1"]
[WhiteElo "2447"]
[BlackElo "2415"]
[PlyCount "58"]
[EventDate "2021.??.??"]
[EventType "blitz"]

1. e4 e5 2. Nf3 d5 3. Nxe5 Bd6 4. d4 dxe4 5. Nc3 Bxe5 6. dxe5 Qxd1+ 7. Kxd1 Nc6
8. Nxe4 Nxe5 9. Bf4 Bg4+ 10. Kc1 f6 11. f3 Be6 12. b3 O-O-O 13. Be2 Ne7 14. Kb2
N5c6 15. Rad1 Nd4 16. Bd3 Ng6 17. Bc1 Ne5 18. Bf1 Bf5 19. Be3 Bxe4 20. Rxd4 Bc6
21. Be2 Rxd4 22. Bxd4 Re8 23. Bd1 Ng6 24. Bf2 Nf4 25. Rg1 h5 26. Bg3 Nd5 27. c4
Ne3 28. Be2 h4 29. Bf2 Ng4 {Normal} 0-1

[Event "Rated Blitz game"]
[Site "?"]
[Date "2021.03.14"]
[Round "?"]
[White "Toliki"]
[Black "Yates73"]
[Result "0-1"]
[WhiteElo "2409"]
[BlackElo "2329"]
[PlyCount "66"]
[EventDate "2021.??.??"]
[EventType "blitz"]

1. e4 e5 2. Nf3 d5 3. Nxe5 Bd6 4. d4 dxe4 5. Nc4 Nf6 6. Bg5 O-O 7. Ne3 Re8 8.
Be2 Nc6 9. c3 h6 10. Bh4 g5 11. Bg3 Ne7 12. Bxd6 Qxd6 13. Nd2 Ng6 14. g3 Bh3
15. Qb3 Kg7 16. O-O-O c5 17. Ndc4 Qc7 18. d5 Rab8 19. d6 Qc6 20. Na5 Qd7 21.
Bb5 Qd8 22. Bxe8 Qxa5 23. d7 Nxe8 24. dxe8=Q Rxe8 25. Qxb7 Qxa2 26. Qd5 Qa1+
27. Kc2 Qa4+ 28. Qb3 Qc6 29. Ra1 Be6 30. Qa4 Qb6 31. Rhd1 Rb8 32. Nc4 Bxc4 33.
Rdb1 Bb3+ {Normal} 0-1

[Event "Rated Blitz game"]
[Site "?"]
[Date "2021.03.14"]
[Round "?"]
[White "Levchik_na_URFO"]
[Black "annaly1979"]
[Result "1-0"]
[WhiteElo "2415"]
[BlackElo "2339"]
[PlyCount "137"]
[EventDate "2021.??.??"]
[EventType "blitz"]

1. e4 e5 2. Nf3 d5 3. exd5 e4 4. Qe2 f5 5. d3 Nf6 6. dxe4 fxe4 7. Nd4 Bd6 8.
Nc3 O-O 9. h3 a6 10. Be3 Nbd7 11. O-O-O Nc5 12. Qc4 b5 13. Qe2 Qe7 14. Nc6 Qf7
15. g4 Bd7 16. Nd4 b4 17. Nb1 Nxd5 18. Bg2 Nf4 19. Qf1 Nxg2 20. Qxg2 a5 21. Nd2
a4 22. Kb1 b3 23. a3 bxc2+ 24. Nxc2 Bc6 25. Nb4 Bb7 26. Rhe1 Rab8 27. Qf1 Nd3
28. Nxd3 exd3 29. Qxd3 Be5 30. Bd4 Bf6 31. Bxf6 Qxf6 32. Qc2 Bg2 33. Nc4 Rb3
34. Ne3 Rfb8 35. Rd2 Bf3 36. Nc4 h6 37. Re3 c6 38. Rxb3 axb3 39. Qd3 Bd5 40.
Ne3 Bf7 41. Qd6 Re8 42. Qxf6 gxf6 43. Rd6 Kg7 44. Kc1 c5 45. Rc6 c4 46. Kd2
Rd8+ 47. Ke2 Rd4 48. a4 Re4 49. a5 Bd5 50. Rc7+ Kg6 51. a6 Kg5 52. a7 Kf4 53.
Rd7 Ba8 54. Rd8 Bc6 55. Rd6 Ba8 56. Rxf6+ Kg5 57. Rf5+ Kg6 58. Kd2 Rd4+ 59. Ke1
Rf4 60. Rxf4 Kg5 61. Rxc4 Bf3 62. Rb4 Kh4 63. Rxb3 Ba8 64. Nc4 Bd5 65. Nd6 Bxb3
66. a8=Q Kxh3 67. Qh8 Kxg4 68. Qxh6 Bd5 69. Qe3 {Time forfeit} 1-0

[Event "Rated Blitz tournament EsjJ1rCQ"]
[Site "?"]
[Date "2021.03.14"]
[Round "?"]
[White "sr654"]
[Black "geptil"]
[Result "1-0"]
[WhiteElo "2331"]
[BlackElo "2405"]
[PlyCount "63"]
[EventDate "2021.??.??"]
[EventType "blitz"]

1. e4 e5 2. Nf3 d5 3. Nxe5 Bd6 4. d4 dxe4 5. Nc4 Nf6 6. Be2 O-O 7. O-O Nc6 8.
c3 h6 9. Nxd6 Qxd6 10. Na3 Nd5 11. Nc4 Qe6 12. Ne3 Nce7 13. Nxd5 Nxd5 14. c4
Ne7 15. Bf4 c6 16. Re1 g5 17. Bg3 f5 18. Be5 Ng6 19. c5 Nxe5 20. dxe5 Qxe5 21.
Qb3+ Kg7 22. Rad1 Rf7 23. Rd6 Qxc5 24. Red1 b5 25. Bh5 Rf6 26. Rxf6 Kxf6 27.
Qf7+ Ke5 28. Qc7+ Kf6 29. Rd6+ Be6 30. Qf7+ Ke5 31. Qxe6+ Kf4 32. g3# {Normal}
1-0

[Event "Rated Blitz tournament 957RsKAq"]
[Site "?"]
[Date "2021.03.14"]
[Round "?"]
[White "E-Shaposhnikov"]
[Black "Mewii2021"]
[Result "1/2-1/2"]
[WhiteElo "2751"]
[BlackElo "2339"]
[PlyCount "163"]
[EventDate "2021.??.??"]
[EventType "blitz"]

1. e4 e5 2. Nf3 d5 3. exd5 e4 4. Qe2 Be7 5. Qxe4 Nf6 6. Qa4+ c6 7. dxc6 O-O 8.
cxb7 Bxb7 9. Be2 Re8 10. O-O Bd6 11. Nc3 Nbd7 12. Qh4 Be7 13. d4 Ne4 14. Qh3
Ndf6 15. Nxe4 Bxe4 16. Bc4 Bxc2 17. Ne5 Bg6 18. Nxg6 hxg6 19. Be3 Rc8 20. Rac1
Rb8 21. b3 Bd6 22. Qf3 Qc7 23. g3 Qa5 24. h4 Qxa2 25. Ra1 Qb2 26. Rxa7 Rf8 27.
Bg5 Qxd4 28. Be3 Qb2 29. Rd1 Be5 30. g4 Qc2 31. g5 Qe4 32. Qxe4 Nxe4 33. Rdd7
Nd6 34. Bc5 Rbd8 35. Bxd6 Bxd6 36. Bxf7+ Kh7 37. Bc4 Rxd7 38. Rxd7 Bc5 39. Bd3
Rxf2 40. h5 Rf7+ 41. Kg2 Rxd7 42. Bxg6+ Kg8 43. Kf3 Rb7 44. Ke4 Rxb3 45. Bf5
Be7 46. Be6+ Kf8 47. Bxb3 Bxg5 48. Kf5 Bf6 49. Kg6 Bb2 50. Bc4 Bf6 51. Bd5 Bb2
52. Be4 Bf6 53. h6 gxh6 54. Kxf6 h5 55. Bg2 h4 56. Bh3 Kg8 57. Kg5 Kh7 58. Kf5
Kg7 59. Kf4 Kh7 60. Kg4 Kg7 61. Bg2 Kh8 62. Kh3 Kg7 63. Bf3 Kh8 64. Be4 Kg7 65.
Bd3 Kh8 66. Be2 Kg7 67. Bf3 Kh8 68. Bg4 Kg7 69. Bf5 Kh8 70. Be6 Kg7 71. Bd5 Kh8
72. Kh2 Kg7 73. Kh1 Kh8 74. Be4 Kg7 75. Bd3 Kh8 76. Be2 Kg7 77. Bf1 Kh8 78. Bg2
Kg7 79. Bf3 Kh8 80. Be4 Kg7 81. Bd5 Kh8 82. Be4 {Normal} 1/2-1/2